000 00333nam a22001457a 4500
008 221109b ||||| |||| 00| 0 eng d
020 _a9780205658626
041 _aeng
080 _2FOURTH EDITION
_a159.9
082 _a159.9 TER
100 _a25
101 _aPSI
245 _aLEARNING AND MEMORY
_cTERRY .S.W
942 _2udc
_cBK
999 _c58811
_d58811